00368nam a22001097a 450000500170000002000180001708200180003510000340005324501040008726000480019130000190023920260616142951.0 a9780143469513 a303.483 SAR.G aSaran,Samir and Sarma,Anirban aGeotechnography : bMapping power and identity in the digital agecby Samir Saran and Anirban Sarma a. - Haryanab: Penguin random housec,2025. axxiv+290 pages